<?xml version="1.0" encoding="UTF-8"?>
<record
    xmlns:xsi="http://www.w3.org/2001/XMLSchema-instance"
    xsi:schemaLocation="http://www.loc.gov/MARC21/slim http://www.loc.gov/standards/marcxml/schema/MARC21slim.xsd"
    xmlns="http://www.loc.gov/MARC21/slim">

  <leader>00914nam2a2200253   4500</leader>
  <controlfield tag="001">RU\NLR\bibl\119498</controlfield>
  <controlfield tag="005">20250617100033.0</controlfield>
  <datafield tag="010" ind1=" " ind2=" ">
    <subfield code="a">5-300-01735-3</subfield>
  </datafield>
  <datafield tag="021" ind1=" " ind2=" ">
    <subfield code="a">RU</subfield>
    <subfield code="b">98-19674</subfield>
    <subfield code="9">934</subfield>
  </datafield>
  <datafield tag="035" ind1=" " ind2=" ">
    <subfield code="a">(NLR Aleph) 000117016</subfield>
  </datafield>
  <datafield tag="090" ind1=" " ind2=" ">
    <subfield code="a">665356</subfield>
    <subfield code="c">665356</subfield>
  </datafield>
  <datafield tag="100" ind1=" " ind2=" ">
    <subfield code="a">20001122d1998    |||y0rusy50      ca</subfield>
  </datafield>
  <datafield tag="101" ind1="1" ind2=" ">
    <subfield code="a">rus</subfield>
    <subfield code="c">eng</subfield>
  </datafield>
  <datafield tag="102" ind1=" " ind2=" ">
    <subfield code="a">RU</subfield>
  </datafield>
  <datafield tag="105" ind1=" " ind2=" ">
    <subfield code="a">y   |||||||||</subfield>
  </datafield>
  <datafield tag="200" ind1="1" ind2=" ">
    <subfield code="a">&#x414;&#x43E;&#x43D; &#x416;&#x443;&#x430;&#x43D;</subfield>
    <subfield code="e">[&#x41F;&#x43E;&#x44D;&#x43C;&#x430;</subfield>
    <subfield code="f">&#x41F;&#x435;&#x440;. &#x441; &#x430;&#x43D;&#x433;&#x43B;. &#x422;. &#x413;&#x43D;&#x435;&#x434;&#x438;&#x447;]</subfield>
  </datafield>
  <datafield tag="215" ind1=" " ind2=" ">
    <subfield code="a">505,[2] &#x441;.</subfield>
  </datafield>
  <datafield tag="461" ind1=" " ind2="0">
    <subfield code="1">001RU\NLR\bibl\123361</subfield>
    <subfield code="1">2001#$a&#x418;&#x437;&#x431;&#x440;&#x430;&#x43D;&#x43D;&#x43E;&#x435;$v&#x422;. 2</subfield>
    <subfield code="9">687975</subfield>
    <subfield code="a">&#x411;&#x430;&#x439;&#x440;&#x43E;&#x43D;, &#x414;. &#x413;. (1788-1824)</subfield>
    <subfield code="c">&#x41C;.</subfield>
    <subfield code="d">1998</subfield>
    <subfield code="f">&#x414;&#x436;&#x43E;&#x440;&#x434;&#x436; &#x413;&#x43E;&#x440;&#x434;&#x43E;&#x43D; &#x411;&#x430;&#x439;&#x440;&#x43E;&#x43D;</subfield>
    <subfield code="n">&#x422;&#x435;&#x440;&#x440;&#x430;-&#x41A;&#x43D;. &#x43A;&#x43B;&#x443;&#x431;</subfield>
    <subfield code="o">[&#x412; 2 &#x442;. : &#x41F;&#x435;&#x440;. &#x441; &#x430;&#x43D;&#x433;&#x43B;.]</subfield>
    <subfield code="t">&#x418;&#x437;&#x431;&#x440;&#x430;&#x43D;&#x43D;&#x43E;&#x435;</subfield>
    <subfield code="y">5-300-01734-5</subfield>
    <subfield code="v">&#x422;. 2</subfield>
  </datafield>
  <datafield tag="801" ind1=" " ind2="0">
    <subfield code="a">RU</subfield>
    <subfield code="b">NLR</subfield>
    <subfield code="c">20001122</subfield>
    <subfield code="g">PSBO</subfield>
  </datafield>
  <datafield tag="801" ind1=" " ind2="1">
    <subfield code="a">RU</subfield>
    <subfield code="b">NLR</subfield>
    <subfield code="c">20001122</subfield>
  </datafield>
  <datafield tag="852" ind1=" " ind2=" ">
    <subfield code="a">NLR</subfield>
    <subfield code="j">98-5/1919</subfield>
  </datafield>
  <datafield tag="942" ind1=" " ind2=" ">
    <subfield code="c">BOOK</subfield>
  </datafield>
  <datafield tag="980" ind1=" " ind2=" ">
    <subfield code="a">NB</subfield>
  </datafield>
  <datafield tag="995" ind1=" " ind2=" ">
    <subfield code="5">2005-02-18</subfield>
    <subfield code="a">az</subfield>
    <subfield code="b">NLR02</subfield>
    <subfield code="c">NLR02</subfield>
    <subfield code="e">NZ2</subfield>
    <subfield code="f">1-218319</subfield>
    <subfield code="k">&#x41B;2  &#x428;6(4&#x412;&#x43B;)/&#x411;-187</subfield>
    <subfield code="o">0</subfield>
    <subfield code="r">BOOK</subfield>
    <subfield code="s">2_64187</subfield>
  </datafield>
  <datafield tag="995" ind1=" " ind2=" ">
    <subfield code="5">2005-06-16</subfield>
    <subfield code="a">az</subfield>
    <subfield code="b">NLR01</subfield>
    <subfield code="c">NLR01</subfield>
    <subfield code="e">OZ2</subfield>
    <subfield code="f">1-267435</subfield>
    <subfield code="k">&#x41B;1 &#x428;6(4&#x412;&#x43B;)/&#x411;-187</subfield>
    <subfield code="o">0</subfield>
    <subfield code="p">20.00</subfield>
    <subfield code="r">BOOK</subfield>
    <subfield code="s">1_64187</subfield>
  </datafield>
</record>
